000 01152nam0a2200253 4500
001 RU\NLR\bibl\522151
005 20260405065332.0
035 _a(NLR Aleph) 000514546
090 _a1254381
_c1254381
100 _a20040520d1840 |||y0rusy50 ca
101 0 _arus
102 _aRU
105 _ay |||||||||
200 1 _aОб изучении искусства рисования и применении онаго к ремеслам, для учителей и учеников рисовальной школы для вольноприходящих в С.-Петербург
_fСост. Попечителем Школы Д. Стат. Советником Рейсигом
210 _aСПб.
_cТип. Деп. внешней торговли
_d1840
215 _a28 с.
_d25
606 0 _aРисование
_xПреподавание
_92360455
_3RU\NLR\auth\661409593
686 _aЧ479.716
700 1 _4070
_8rus
_7ca
_aРейссиг
_bК. Х.
_f1781-1860
_gКорнелий Христианович
_3RU\NLR\auth\7723156
_96210
801 0 _aRU
_bNLR
_c20040520
_gPSBO
801 1 _aRU
_bNLR
_c20040520
942 _cBOOK
980 _aNB